00295nam a2200121Ia 4500008004100000041000800041082001500049100001500064245003500079260003700114300001500151365000700166240624s9999 xx 000 0 und d aeng a006.76 HAN aHANNA PHIL aJSP 2 0 THE COMPLETE REFERENCE c2003aNew DelhibTata McGrawhill axix, : 852 cRS